<?xml version="1.0" encoding="UTF-8"?>
<record
    xmlns:xsi="http://www.w3.org/2001/XMLSchema-instance"
    xsi:schemaLocation="http://www.loc.gov/MARC21/slim http://www.loc.gov/standards/marcxml/schema/MARC21slim.xsd"
    xmlns="http://www.loc.gov/MARC21/slim">

  <leader>03184nam a2200421   4500</leader>
  <controlfield tag="001">ESSALUD</controlfield>
  <controlfield tag="007">ta</controlfield>
  <controlfield tag="008">      t2025    sp ||||| |||| 00| 0 spa d</controlfield>
  <datafield tag="040" ind1=" " ind2=" ">
    <subfield code="a">BMG</subfield>
  </datafield>
  <datafield tag="041" ind1=" " ind2=" ">
    <subfield code="a">spa</subfield>
  </datafield>
  <datafield tag="100" ind1=" " ind2=" ">
    <subfield code="a">Garc&#xED;a Cos&#xED;o, Mar&#xED;a Dolores</subfield>
    <subfield code="e">autor</subfield>
    <subfield code="9">42049</subfield>
  </datafield>
  <datafield tag="245" ind1=" " ind2=" ">
    <subfield code="a">Tratamiento de la cardiopat&#xED;a en receptores de trasplante renal: documento de consenso nacional de SET/SEC/SEN basado en una encuesta Delphi</subfield>
  </datafield>
  <datafield tag="300" ind1=" " ind2=" ">
    <subfield code="a">p&#xE1;ginas 252-262</subfield>
  </datafield>
  <datafield tag="520" ind1=" " ind2=" ">
    <subfield code="a">El trasplante renal mejora la supervivencia y la calidad de vida de los pacientes con enfermedad renal terminal. La enfermedad cardiovascular es la principal causa de morbimortalidad durante el trasplante renal. La relaci&#xF3;n bidireccional entre enfermedad renal y cardiaca presenta un escenario cl&#xED;nico &#xFA;nico que requiere un abordaje integral y personalizado. El objetivo de este consenso de expertos de la Sociedad Espa&#xF1;ola de Trasplante, la Sociedad Espa&#xF1;ola de Cardiolog&#xED;a y la Sociedad Espa&#xF1;ola de Nefrolog&#xED;a es evaluar la pr&#xE1;ctica habitual y las estrategias sugeridas para el tratamiento cardiol&#xF3;gico en los receptores de trasplante renal. Un panel de nefr&#xF3;logos y cardi&#xF3;logos espa&#xF1;oles expertos en trasplante renal y cardiaco revis&#xF3; la evidencia cient&#xED;fica en relaci&#xF3;n con el tratamiento actual de la cardiopat&#xED;a en trasplantados renales. Posteriormente, se crearon aseveraciones consensuadas mediante una metodolog&#xED;a Delphi de 2 rondas. Se elaboraron 30 aseveraciones que abarcaban temas clave como la identificaci&#xF3;n de candidatos a trasplante renal, el tratamiento de la cardiopat&#xED;a en los receptores de trasplante renal y la candidatura para trasplante cardiorrenal combinado en pacientes con insuficiencia renal terminal y cardiopat&#xED;a. Las aseveraciones consensuadas del presente manuscrito proporcionan una orientaci&#xF3;n adicional a los expertos para el tratamiento cardiol&#xF3;gico de los receptores de trasplante renal, en quienes la evidencia cl&#xED;nica publicada es escasa.</subfield>
  </datafield>
  <datafield tag="650" ind1=" " ind2=" ">
    <subfield code="a">TRASPLANTE DE RI&#xD1;&#xD3;N</subfield>
    <subfield code="9">13898</subfield>
  </datafield>
  <datafield tag="650" ind1=" " ind2=" ">
    <subfield code="a">ENFERMEDADES CARDIOVASCULARES</subfield>
    <subfield code="9">6997</subfield>
  </datafield>
  <datafield tag="650" ind1=" " ind2=" ">
    <subfield code="a">FALLO RENAL CR&#xD3;NICO</subfield>
    <subfield code="9">49121</subfield>
  </datafield>
  <datafield tag="650" ind1=" " ind2=" ">
    <subfield code="a">INSUFICIENCIA RENAL</subfield>
    <subfield code="9">32130</subfield>
  </datafield>
  <datafield tag="653" ind1=" " ind2=" ">
    <subfield code="a">TRATAMIENTO CARDIORRENAL</subfield>
  </datafield>
  <datafield tag="653" ind1=" " ind2=" ">
    <subfield code="a">M&#xC9;TODO DELPHI</subfield>
  </datafield>
  <datafield tag="700" ind1=" " ind2=" ">
    <subfield code="a">Hern&#xE1;ndez Marrero, Domingo</subfield>
    <subfield code="e">autor</subfield>
    <subfield code="9">49122</subfield>
  </datafield>
  <datafield tag="700" ind1=" " ind2=" ">
    <subfield code="a">Cruzado, Josep Mar&#xED;a</subfield>
    <subfield code="e">autor</subfield>
    <subfield code="9">49123</subfield>
  </datafield>
  <datafield tag="700" ind1=" " ind2=" ">
    <subfield code="a">Farrero, Marta</subfield>
    <subfield code="e">autor</subfield>
    <subfield code="9">49055</subfield>
  </datafield>
  <datafield tag="700" ind1=" " ind2=" ">
    <subfield code="a">Blasco Peir&#xF3;, Mar&#xED;a Teresa</subfield>
    <subfield code="e">autor</subfield>
    <subfield code="9">37744</subfield>
  </datafield>
  <datafield tag="700" ind1=" " ind2=" ">
    <subfield code="a">Crespo, Marta</subfield>
    <subfield code="e">autor</subfield>
    <subfield code="9">49124</subfield>
  </datafield>
  <datafield tag="700" ind1=" " ind2=" ">
    <subfield code="a">Delgado Jim&#xE9;nez, Juan Francisco</subfield>
    <subfield code="e">autor</subfield>
    <subfield code="9">42189</subfield>
  </datafield>
  <datafield tag="700" ind1=" " ind2=" ">
    <subfield code="a">D&#xED;az Molina, Beatriz</subfield>
    <subfield code="e">autor</subfield>
    <subfield code="9">42052</subfield>
  </datafield>
  <datafield tag="700" ind1=" " ind2=" ">
    <subfield code="a">Fern&#xE1;ndez Rivera, Constantino</subfield>
    <subfield code="e">autor</subfield>
    <subfield code="9">49125</subfield>
  </datafield>
  <datafield tag="700" ind1=" " ind2=" ">
    <subfield code="a">Garrido Bravo, Iris Paula</subfield>
    <subfield code="e">autor</subfield>
    <subfield code="9">49126</subfield>
  </datafield>
  <datafield tag="700" ind1=" " ind2=" ">
    <subfield code="a">L&#xF3;pez Jim&#xE9;nez, Ver&#xF3;nica</subfield>
    <subfield code="e">autor</subfield>
    <subfield code="9">49127</subfield>
  </datafield>
  <datafield tag="700" ind1=" " ind2=" ">
    <subfield code="a">Melilli, Edoardo</subfield>
    <subfield code="e">autor</subfield>
    <subfield code="9">49128</subfield>
  </datafield>
  <datafield tag="700" ind1=" " ind2=" ">
    <subfield code="a">Mirabet P&#xE9;rez, Sonia </subfield>
    <subfield code="e">autor</subfield>
    <subfield code="9">42050</subfield>
  </datafield>
  <datafield tag="700" ind1=" " ind2=" ">
    <subfield code="a">P&#xE9;rez Tamaj&#xF3;n, Mar&#xED;a Lourdes </subfield>
    <subfield code="e">autor</subfield>
    <subfield code="9">49129</subfield>
  </datafield>
  <datafield tag="700" ind1=" " ind2=" ">
    <subfield code="a">Rangel Sousa, Diego</subfield>
    <subfield code="e">autor</subfield>
    <subfield code="9">42811</subfield>
  </datafield>
  <datafield tag="700" ind1=" " ind2=" ">
    <subfield code="a">Rodrigo Calabia, Emilio</subfield>
    <subfield code="e">autor</subfield>
    <subfield code="9">49130</subfield>
  </datafield>
  <datafield tag="773" ind1="0" ind2=" ">
    <subfield code="0">16438</subfield>
    <subfield code="9">21918</subfield>
    <subfield code="d">Barcelona Elsevier</subfield>
    <subfield code="o">RECARDIO059</subfield>
    <subfield code="t">Revista Espa&#xF1;ola de Cardiolog&#xED;a</subfield>
    <subfield code="w">ESSALUD</subfield>
    <subfield code="x">1579-2242</subfield>
  </datafield>
  <datafield tag="942" ind1=" " ind2=" ">
    <subfield code="c">ARTICULOS</subfield>
    <subfield code="e">2025-04-21</subfield>
    <subfield code="z">AFC</subfield>
  </datafield>
  <datafield tag="999" ind1=" " ind2=" ">
    <subfield code="c">21329</subfield>
    <subfield code="d">21329</subfield>
  </datafield>
</record>
